logo

Bir Sreshtho Munshi Abdur Rouf Library
Jhenaidah Cadet College

The counselor in the schools: a reconceptualization (Record no. 7658)

MARC details
000 -LEADER
fixed length control field 00762cam a2200265 4500
001 - CONTROL NUMBER
JCCL Control Number 7658
003 - CONTROL NUMBER IDENTIFIER
JCCL marc code BD-JhCC
005 - DATE AND TIME OF LATEST TRANSACTION
control field 20180212183402.0
008 - FIXED-LENGTH DATA ELEMENTS--GENERAL INFORMATION
fixed length control field 700729s1968 maua b 000 0 eng
035 ## - SYSTEM CONTROL NUMBER
system control number (BD-JhCC)7658
040 ## - CATALOGING SOURCE
Original cataloging agency DLC
Transcribing agency DLC
Modifying agency DLC
-- BD-JhCC
041 ## - LANGUAGE CODE
Language code of Book eng
050 00 - LIBRARY OF CONGRESS CALL NUMBER
Classification number LB1027.5
Item number .B67
082 00 - DEWEY DECIMAL CLASSIFICATION NUMBER
Classification number 371.42
Author mark and Year BOY 1968
100 1# - MAIN ENTRY--PERSONAL NAME
Personal name Boy, Angelo V.
245 14 - TITLE STATEMENT
Title The counselor in the schools: a reconceptualization
Statement of responsibility, etc [by] Angelo V. Boy [and] Gerald J. Pine.
260 ## - PUBLICATION, DISTRIBUTION, ETC. (IMPRINT)
Place of publication, distribution, etc Boston,
Name of publisher, distributor, etc Houghton Mifflin
Date of publication, distribution, etc [1968]
300 ## - PHYSICAL DESCRIPTION
Pagination viii, 406 p.
Other physical details illus.
Dimensions 25 cm.
504 ## - BIBLIOGRAPHY, ETC. NOTE
Bibliography, etc Includes bibliographies.
650 #0 - SUBJECT ADDED ENTRY--TOPICAL TERM
Topical term or geographic name as entry element Student counselors.
650 #0 - SUBJECT ADDED ENTRY--TOPICAL TERM
Topical term or geographic name as entry element Role concept.
700 1# - ADDED ENTRY--PERSONAL NAME
Personal name Pine, Gerald J.,
942 ## - ADDED ENTRY ELEMENTS (KOHA)
Source of classification or shelving scheme Dewey Decimal Classification
Koha item type Books
Holdings
Source of classification or shelving scheme Damaged status Not for loan Home library Current library Shelving location Total Checkouts Full call number Barcode Date last seen Copy number Koha item type
Dewey Decimal Classification     JCC Rouf Library JCC Rouf Library General Stacks   371.42 BOY 1968 882 02/12/2018 C - 1 Books

JCC Library | Contacts | JCC Home

Last Update on 23 September 2017
Copyright @ 2017-2020 JCC Rouf Library
Rouf Library, Jhenidah Cadet College (JCC), Bangladesh